000 00519nam a2200169Ia 4500
008 151213s9999 xx 000 0 und d
020 _a81-203-2096-4
100 _aRobert F. Coughlin, & Fraderick Driscoll
245 _aOperational Amplifiers and Linear Integrated Circuits
_cRobert F. Coughlin, & Fraderick Driscoll
250 _a6th
260 _aNew Delhi
_bPrentic Hall
_c2001
300 _a7531 p.
650 _aE E E
650 _ascience
700 _aRobert F. Coughlin, & Fraderick Driscoll
999 _c3994
_d3994